Normal view
MARC view
- Hochgurtel, Brian, Stephens, Rod
Entry Personal Name
001 - CONTROL NUMBER
- control field: 63340
003 - CONTROL NUMBER IDENTIFIER
- control field: NUST
005 - DATE AND TIME OF LATEST TRANSACTION
- control field: 20210628203115.0
008 - FIXED-LENGTH DATA ELEMENTS
- fixed length control field: 210628|| aca||aabn | a|a d
040 ## - CATALOGING SOURCE
- Original cataloging agency: NUST
- Transcribing agency: NUST
100 ## - HEADING--PERSONAL NAME
- Personal name: Hochgurtel, Brian, Stephens, Rod
670 ## - SOURCE DATA FOUND
- Source citation: Work cat.: (NUST): Hochgurtel, Brian, Stephens, Rod, Visual basic.net and xml, harness the power of xml in vb.net applications, 2002
